000 00654nam a2200205 i 4500
001 21736
003 ES-MaACL
005 20231220204004.0
007 t|
008 021127s1978 sp ||||1| spa d
100 1 _aAleixandre, Vicente,
_d1898-1984
_919688
245 1 0 _aMis poemas mejores /
_cVicente Aleixandre.
250 _a5ª ed.
260 _aMadrid :
_bGredos,
_c[1978]
300 _a406 p. ;
_c19 cm.
490 1 _aBiblioteca románica hispánica. VI. Antología hispánica ;
_v6
830 0 _aBiblioteca románica hispánica. VI. Antología hispánica ;
_v6
_9180838
852 _aES-MaACL
_jA-8541
_bR.97644
999 _c21736
_d21736